Sudden Death - Nachbarländer Spaniens - Statistiken

Allgemein
  • Dieses Quiz wurde 165 mal gespielt
  • Das Durchschnittsergebnis liegt bei 5 aus 6
Answers on the Grid
Answers color-coded by a green-red scale on the quiz's grid according to % correct below.
Spanien🇪🇸
Portugal🇵🇹
Vereinigtes Königreich🇬🇧
Andorra🇦🇩
Marokko🇲🇦
Frankreich🇫🇷
Algerien🇩🇿
Monaco🇲🇨
Italien🇮🇹
Belgien🇧🇪
Niederlande🇳🇱
Deutschland🇩🇪
Schweiz🇨🇭
Irland🇮🇪
Mauretanien🇲🇷
Tunesien🇹🇳
Peru🇵🇪
Kolumbien🇨🇴
Slowenien🇸🇮
Kroatien🇭🇷
Österreich🇦🇹
Polen🇵🇱
 
Antwortstatistiken
Antwort % Korrekt
Portugal🇵🇹
95%
Andorra🇦🇩
91%
Frankreich🇫🇷
90%
Marokko🇲🇦
70%
Spanien🇪🇸
59%
Vereinigtes Königreich🇬🇧
48%
Keine übereinstimmenden Quizze gefunden
Verteilung der Resultate
Anzahl Personen mit jedem Resultat
Perzentil nach korrekt beantworteten Fragen
Ihre Resultats-Entwicklung
Sie haben dieses Quiz noch nicht gespielt